[Event "Titled Tuesday intern op 18th Apr Early"]
[Site "Chess.com INT"]
[Date "2023.04.18"]
[Round "8"]
[White "Vaibhav, Jayant Raut"]
[Black "Eggink, Ryszard"]
[Result "1-0"]
[WhiteElo "2237"]
[BlackElo "2386"]
[PlyCount "155"]
[EventDate "2023.04.18"]
[EventType "swiss (blitz)"]
[EventRounds "11"]
[EventCountry "USA"]
[SourceTitle "EXT 2024"]
[Source "ChessBase"]
[SourceDate "2023.10.10"]
[SourceVersion "1"]
[SourceVersionDate "2023.10.10"]
[SourceQuality "1"]

1. Nf3 Nf6 2. g3 e6 3. Bg2 d5 4. 0-0 Be7 5. d3 0-0 6. Nbd2 c5 7. e4 b6 8. Re1 Bb7 9. exd5 Nxd5 10. a4 Nc6 11. h4 Rc8 12. Nc4 a6 13. h5 b5 14. axb5 axb5 15. Nce5 Nd4 16. c3 Nxf3+ 17. Bxf3 Qc7 18. h6 g6 19. Ra7 Ra8 20. Rxb7 Qxb7 21. c4 Rad8 22. cxd5 exd5 23. Ng4 f5 24. Ne5 Bf6 25. b4 Rfe8 26. d4 cxd4 27. Nd3 Re4 28. Bf4 Qe7 29. Rf1 g5 30. Bd2 Rc8 31. Qb3 Rc4 32. Qa2 Kf7 33. Bh5+ Ke6 34. Qa6+ Qd6 35. Qxb5 g4 36. Bf4 Qd7 37. Nc5+ Rxc5 38. Qxc5 d3 39. Rd1 Bd4 40. Qf8 Re2 41. Qg8+ Ke7 42. Bg5+ Kd6 43. Qf8+ Kc7 44. Rc1+ Kb7 45. Bf7 Bxf2+ 46. Kf1 Bb6 47. Bxd5+ Qxd5 48. Qc8+ Ka7 49. Ra1+ Ra2 50. Rxa2+ Qxa2 51. Qd7+ Ka6 52. Qxd3+ Kb7 53. Qxf5 Qc4+ 54. Ke1 Qxb4+ 55. Bd2 Qd4 56. Qxh7+ Ka6 57. Qf5 Qg1+ 58. Ke2 Qg2+ 59. Kd1 Qxg3 60. Qc8+ Ka7 61. Qd7+ Ka6 62. h7 Qf3+ 63. Kc2 Qe4+ 64. Qd3+ Qxd3+ 65. Kxd3 g3 66. h8Q Ka7 67. Qg7+ Ka6 68. Qg6 Kb7 69. Be3 Bc7 70. Qg7 Kc6 71. Ke4 Bd6 72. Kf3 Kd5 73. Bf4 Bc5 74. Bxg3 Bd4 75. Qg5+ Kc4 76. Qg4 Kd3 77. Qe4+ Kc4 78. Be5 1-0

[Event "POL-chT 2nd League"]
[Site "Sypniewo"]
[Date "2021.09.06"]
[Round "3.1"]
[White "Solnicki, Michal"]
[Black "Eggink, Ryszard"]
[Result "1/2-1/2"]
[WhiteElo "2166"]
[BlackElo "2387"]
[PlyCount "56"]
[EventDate "2021.09.04"]
[EventType "team-swiss"]
[EventRounds "9"]
[EventCountry "POL"]
[SourceTitle "CBM 204 Extra"]
[Source "ChessBase"]
[SourceDate "2021.11.30"]
[SourceVersion "1"]
[SourceVersionDate "2021.11.30"]
[SourceQuality "1"]
[WhiteTeam "Warszawa Mogalo"]
[BlackTeam "Kopernik WKS"]
[WhiteTeamCountry "POL"]
[BlackTeamCountry "POL"]

1. d4 Nf6 2. Nf3 e6 3. g3 d5 4. Bg2 Be7 5. 0-0 0-0 6. c4 dxc4 7. Qc2 a6 8. a4 Bd7 9. Qxc4 Bc6 10. Bg5 a5 11. Nc3 Nbd7 12. Qd3 Bb4 13. Nd2 Bxg2 14. Kxg2 h6 15. Bxf6 Nxf6 16. Nde4 Nxe4 17. Qxe4 c6 18. Rfd1 Qb6 19. e3 Rfd8 20. Rab1 Bf8 21. Qc2 Rac8 22. Rbc1 Qb4 23. Ne4 Rd5 24. Nc3 Rd7 25. Ne4 Ra8 26. f4 Rd5 27. Nc3 Rd7 28. Ne4 Rd5 1/2-1/2

[Event "POL-chT Academic"]
[Site "Chorzow"]
[Date "2021.05.16"]
[Round "8.8"]
[White "Karpus, Michal"]
[Black "Eggink, Ryszard"]
[Result "1-0"]
[WhiteElo "2271"]
[BlackElo "2387"]
[PlyCount "119"]
[EventDate "2021.05.15"]
[EventType "team-swiss (rapid)"]
[EventRounds "9"]
[EventCountry "POL"]
[SourceTitle "CBM 202 Extra"]
[Source "ChessBase"]
[SourceDate "2021.07.31"]
[SourceVersion "1"]
[SourceVersionDate "2021.07.31"]
[SourceQuality "1"]
[WhiteTeam "Warsaw Politechnik"]
[BlackTeam "Warsaw Univ"]
[WhiteTeamCountry "POL"]
[BlackTeamCountry "POL"]

1. e4 c5 2. Nf3 d6 3. d4 cxd4 4. Nxd4 Nf6 5. Nc3 a6 6. Be3 e6 7. Be2 Nbd7 8. f4 b5 9. Bf3 Bb7 10. e5 Bxf3 11. Nxf3 Ng4 12. Bd4 dxe5 13. fxe5 Bb4 14. Qe2 Bxc3+ 15. Bxc3 0-0 16. 0-0-0 Qe7 17. h3 Nh6 18. g4 Nb6 19. Bd4 Nd5 20. Kb1 Rac8 21. Nd2 Nb4 22. c3 Nc6 23. Ne4 Nxd4 24. Rxd4 Rcd8 25. Rhd1 Rxd4 26. Rxd4 f5 27. exf6 gxf6 28. Qd2 f5 29. Qxh6 fxe4 30. a3 Qf6 31. Qe3 Qf3 32. Rxe4 Qd1+ 33. Ka2 Rf1 34. Qg5+ Kf7 35. Rf4+ Rxf4 36. Qxf4+ Ke8 37. Qb8+ Kf7 38. Qb7+ Kg6 39. Qe4+ Kf6 40. Qf4+ Ke7 41. Qg5+ Kf7 42. h4 Qe2 43. Qf4+ Kg7 44. Qd4+ e5 45. Qd7+ Kg8 46. Qe6+ Kf8 47. Kb3 e4 48. Qf6+ Ke8 49. Qh8+ Kd7 50. Qxh7+ Kc6 51. Qg6+ Kb7 52. Qf7+ Kb6 53. Qe6+ Kb7 54. Qd7+ Kb6 55. Qd4+ Kb7 56. g5 e3 57. g6 Qf3 58. Qd7+ Kb6 59. g7 Qg2 60. Qe6+ 1-0

[Event "POL-ch Academic"]
[Site "Chorzow"]
[Date "2021.05.15"]
[Round "7.15"]
[White "Kwiatkowski, Wiktor"]
[Black "Eggink, Ryszard"]
[Result "0-1"]
[WhiteElo "2077"]
[BlackElo "2387"]
[PlyCount "48"]
[EventDate "2021.05.14"]
[EventType "swiss (rapid)"]
[EventRounds "9"]
[EventCountry "POL"]
[SourceTitle "CBM 202 Extra"]
[Source "ChessBase"]
[SourceDate "2021.07.31"]
[SourceVersion "1"]
[SourceVersionDate "2021.07.31"]
[SourceQuality "1"]

1. e4 c5 2. Nf3 d6 3. d4 cxd4 4. Nxd4 Nf6 5. Nc3 a6 6. a4 e5 7. Nb3 Be7 8. Be2 0-0 9. 0-0 b6 10. Be3 Bb7 11. Bf3 Nbd7 12. Qd2 Rc8 13. Nd5 Nxd5 14. exd5 f5 15. g3 Nf6 16. Qb4 Rxc2 17. Bxb6 Qa8 18. Na5 Bxd5 19. Bxd5+ Qxd5 20. Rad1 Qe6 21. Nb7 Rb8 22. Nxd6 Rc6 23. a5 Bxd6 24. Qd2 Bc5 0-1

[Event "POL-ch Academic"]
[Site "Chorzow"]
[Date "2021.05.14"]
[Round "1.10"]
[White "Brak, Robert"]
[Black "Eggink, Ryszard"]
[Result "0-1"]
[WhiteElo "1405"]
[BlackElo "2387"]
[PlyCount "60"]
[EventDate "2021.05.14"]
[EventType "swiss (rapid)"]
[EventRounds "9"]
[EventCountry "POL"]
[SourceTitle "CBM 202 Extra"]
[Source "ChessBase"]
[SourceDate "2021.07.31"]
[SourceVersion "1"]
[SourceVersionDate "2021.07.31"]
[SourceQuality "1"]

1. d4 Nf6 2. c4 e6 3. Nc3 c5 4. d5 exd5 5. Nxd5 Nxd5 6. Qxd5 Nc6 7. Nf3 d6 8. Bg5 Qb6 9. b3 Be6 10. Qe4 h6 11. Bd2 0-0-0 12. e3 g6 13. Bc3 Bf5 14. Qf4 Rg8 15. Be2 Ne7 16. 0-0 g5 17. Qg3 Be6 18. Rfd1 Nf5 19. Qg4 Nxe3 20. Qh5 Nxd1 21. Bxd1 d5 22. Ne5 Qc7 23. Qe2 Bg7 24. Rc1 d4 25. Bxd4 Rxd4 26. Nf3 Rd7 27. a4 Rgd8 28. Bc2 g4 29. Ne1 Qf4 30. Rb1 Rd2 0-1

[Event "POL-ch Academic"]
[Site "Chorzow"]
[Date "2021.05.14"]
[Round "3.8"]
[White "Dzikowski, Michal"]
[Black "Eggink, Ryszard"]
[Result "0-1"]
[WhiteElo "2118"]
[BlackElo "2387"]
[PlyCount "84"]
[EventDate "2021.05.14"]
[EventType "swiss (rapid)"]
[EventRounds "9"]
[EventCountry "POL"]
[SourceTitle "CBM 202 Extra"]
[Source "ChessBase"]
[SourceDate "2021.07.31"]
[SourceVersion "1"]
[SourceVersionDate "2021.07.31"]
[SourceQuality "1"]

1. d4 Nf6 2. c4 e6 3. Nf3 Bb4+ 4. Bd2 a5 5. a3 Be7 6. g3 b6 7. Bg2 Bb7 8. 0-0 0-0 9. Nc3 Ne4 10. d5 Nxd2 11. Qxd2 Na6 12. Rad1 Nc5 13. Nd4 e5 14. Nf5 Bg5 15. Qc2 g6 16. Ne3 Bxe3 17. fxe3 Qg5 18. Rf3 a4 19. Ne4 Nxe4 20. Qxe4 d6 21. h4 Qe7 22. Qc2 f5 23. Rdf1 Bc8 24. e4 Bd7 25. exf5 Rxf5 26. e4 Rxf3 27. Rxf3 Rf8 28. Qf2 Rxf3 29. Qxf3 Kg7 30. Kf2 h5 31. Ke3 Qd8 32. Bf1 Qa8 33. Bd3 Qa5 34. Qf2 Bg4 35. Qc2 Qe1+ 36. Be2 Qxg3+ 37. Kd2 Qf2 38. Qd3 Qxh4 39. Bxg4 Qxg4 40. c5 bxc5 41. Qb5 Qxe4 42. Qd7+ Kh6 0-1

[Event "FISU World University"]
[Site "Tornelo INT"]
[Date "2020.10.26"]
[Round "1.8"]
[White "Pinillo Canon, Silvana"]
[Black "Eggink, Ryszard"]
[Result "0-1"]
[WhiteElo "1785"]
[BlackElo "2387"]
[PlyCount "122"]
[EventDate "2020.10.26"]
[EventType "team-swiss (rapid)"]
[EventRounds "9"]
[EventCountry "NET"]
[SourceTitle "CBM 199 Extra"]
[Source "ChessBase"]
[SourceDate "2021.01.31"]
[SourceVersion "1"]
[SourceVersionDate "2021.01.31"]
[SourceQuality "1"]
[WhiteTeam "Colombia V"]
[BlackTeam "Poland"]
[WhiteTeamCountry "COL"]
[BlackTeamCountry "POL"]

1. e4 c5 2. Nf3 d6 3. d4 cxd4 4. Nxd4 Nf6 5. Nc3 a6 6. Be2 e5 7. Nb3 Be7 8. 0-0 0-0 9. a4 Be6 10. Be3 Nc6 11. Qd2 Rc8 12. Rfd1 Nb4 13. f3 Qc7 14. Rac1 d5 15. exd5 Nfxd5 16. Nxd5 Nxd5 17. Bf2 Rfd8 18. Qe1 Bg5 19. Nc5 Bf5 20. Bd3 Bxd3 21. Nxd3 Bxc1 22. Rxc1 Nf4 23. Nxf4 exf4 24. a5 Re8 25. Qb4 Re2 26. c3 Rce8 27. Rd1 Qe5 28. Qb6 h6 29. h3 Re6 30. Qd8+ Kh7 31. Qd3+ Rg6 32. h4 h5 33. b4 Qe6 34. Kf1 Re5 35. Bd4 Rd5 36. Qc2 Qe7 37. Qf2 Re6 38. c4 Rd7 39. Qc2+ g6 40. Bc3 Re3 41. Rxd7 Qxd7 42. Bb2 Qd3+ 43. Qxd3 Rxd3 44. Be5 Rb3 45. Bd6 Rb2 46. Kg1 f6 47. Be7 Kg7 48. Bd6 Kf7 49. Kf1 Ke6 50. Bc5 g5 51. hxg5 fxg5 52. Bf8 Kf5 53. Bd6 g4 54. fxg4+ Kxg4 55. Bc5 f3 56. gxf3+ Kxf3 57. Kg1 Rc2 58. Bf8 Rxc4 59. Kh2 Ke3 60. Kh3 Kd3 61. Bc5 Kc3 0-1

[Event "POL-chT 2nd League"]
[Site "Poronin"]
[Date "2020.09.13"]
[Round "9.1"]
[White "Czerw, Dawid"]
[Black "Eggink, Ryszard"]
[Result "0-1"]
[WhiteElo "2275"]
[BlackElo "2398"]
[PlyCount "108"]
[EventDate "2020.09.05"]
[EventType "team-swiss"]
[EventRounds "9"]
[EventCountry "POL"]
[SourceTitle "CBM 198 Extra"]
[Source "ChessBase"]
[SourceDate "2020.11.30"]
[SourceVersion "1"]
[SourceVersionDate "2020.11.30"]
[SourceQuality "1"]
[WhiteTeam "Jastrzebie Zdroj Pionier"]
[BlackTeam "Kopernik WKS"]
[WhiteTeamCountry "POL"]
[BlackTeamCountry "POL"]

1. d4 Nf6 2. c4 e6 3. Nc3 Bb4 4. e3 0-0 5. Nge2 d5 6. a3 Bd6 7. c5 Be7 8. b4 b6 9. Nf4 c6 10. Bb2 Nbd7 11. Be2 Qc7 12. Rc1 bxc5 13. bxc5 Rb8 14. Qc2 e5 15. Nd3 exd4 16. exd4 Re8 17. 0-0 Nf8 18. Nb4 Ne6 19. Rfd1 Nf4 20. Bf1 a5 21. Nd3 Bg4 22. f3 Bf5 23. Rb1 N6h5 24. g3 Nxd3 25. Bxd3 Bxd3 26. Rxd3 Bf6 27. Kg2 g6 28. Bc1 Rxb1 29. Qxb1 Rb8 30. Qc2 Qb7 31. Na4 Ng7 32. Be3 Qb1 33. Qc3 Rb5 34. Bf2 Ne6 35. Qd2 Rb3 36. Rc3 Rxc3 37. Qxc3 Qd1 38. Nb2 Qe2 39. Kg1 Kg7 40. h4 h5 41. a4 Kh7 42. f4 Kg7 43. Nd3 Qd1+ 44. Kg2 Qxa4 45. Ne5 Bxe5 46. fxe5 Qa2 47. Qf3 a4 48. g4 hxg4 49. Qxg4 a3 50. h5 Qc2 51. Qf3 Qe4 52. Qxe4 dxe4 53. d5 cxd5 54. c6 gxh5 0-1